<?xml version="1.0" encoding="UTF-8"?>
<collection xmlns="http://www.loc.gov/MARC21/slim">
 <record>
  <leader>03670cam a2200325 a 4500</leader>
  <controlfield tag="001">1/38158</controlfield>
  <controlfield tag="008">140821s2007    us            001 0 eng  </controlfield>
  <datafield tag="020" ind1=" " ind2=" ">
   <subfield code="a">9781597492164</subfield>
  </datafield>
  <datafield tag="020" ind1=" " ind2=" ">
   <subfield code="a">1597492167</subfield>
  </datafield>
  <datafield tag="035" ind1=" " ind2=" ">
   <subfield code="l">40792</subfield>
  </datafield>
  <datafield tag="040" ind1=" " ind2=" ">
   <subfield code="a">OPELS</subfield>
   <subfield code="b">eng</subfield>
   <subfield code="c">OPELS</subfield>
   <subfield code="d">OCLCQ</subfield>
   <subfield code="d">OCLCF</subfield>
   <subfield code="d">GR-PeUP</subfield>
  </datafield>
  <datafield tag="100" ind1="1" ind2=" ">
   <subfield code="a">Lahti, Christian.</subfield>
  </datafield>
  <datafield tag="245" ind1="1" ind2="0">
   <subfield code="a">Sarbanes-Oxley IT compliance using open source tools, 2E</subfield>
   <subfield code="h">[electronic resource] /</subfield>
   <subfield code="c">Christian B. Lahti, Roderick Peterson.</subfield>
  </datafield>
  <datafield tag="250" ind1=" " ind2=" ">
   <subfield code="a">2nd ed.</subfield>
  </datafield>
  <datafield tag="260" ind1=" " ind2=" ">
   <subfield code="a">Burlington, MA :</subfield>
   <subfield code="b">Syngress,</subfield>
   <subfield code="c">c2007.</subfield>
  </datafield>
  <datafield tag="300" ind1=" " ind2=" ">
   <subfield code="a">1 online resource (xx, 445 p.) :</subfield>
   <subfield code="b">ill.</subfield>
  </datafield>
  <datafield tag="520" ind1=" " ind2=" ">
   <subfield code="a">The Sarbanes-Oxley Act (officially titled the Public Company Accounting Reform and Investor Protection Act of 2002), signed into law on 30 July 2002 by President Bush, is considered the most significant change to federal securities laws in the United States since the New Deal. It came in the wake of a series of corporate financial scandals, including those affecting Enron, Arthur Andersen, and WorldCom. The law is named after Senator Paul Sarbanes and Representative Michael G. Oxley. It was approved by the House by a vote of 423-3 and by the Senate 99-0. This book illustrates the many Open Source cost-saving opportunities that public companies can explore in their IT enterprise to meet mandatory compliance requirements of the Sarbanes-Oxley act. This book will also demonstrate by example and technical reference both the infrastructure components for Open Source that can be made compliant, and the Open Source tools that can aid in the journey of compliance. Although many books and reference material have been authored on the financial and business side of Sox compliance, very little material is available that directly address the information technology considerations, even less so on how Open Source fits into that discussion. The format of the book will begin each chapter with the IT business and executive considerations of Open Source and SOX compliance. The remaining chapter verbiage will include specific examinations of Open Source applications and tools which relate to the given subject matter, and last a bootable?live? CD will have fully configured running demonstrations of Open Source tools as a valuable technical reference for implementation of the concepts provided in the book * Only book that shows companies how to use Open Source tools to achieve SOX compliance, which dramatically lowers the cost of using proprietary, commercial applications. * Only SOX book with a bootable-Linux CD containing countless applications, forms, and checklists to assist companies in achieving SOX compliance. * Only SOX compliance book specifically detailing steps to achieve SOX compliance for IT Professionals.</subfield>
  </datafield>
  <datafield tag="505" ind1="0" ind2=" ">
   <subfield code="a">Chapter 1: Sox and Cobit Defined -- Chapter 2: Cost of Compliance -- Chapter 3: Why Open Source -- Chapter 4: Domain 1 -- Planning and Organization -- Chapter 5: Domain 2 -- Acquisition and Implementation -- Chapter 6: Domain 3 -- Delivery and Support -- Chapter 7: Domain 4 -- Monitoring -- Chapter 8: The Bottom Line.</subfield>
  </datafield>
  <datafield tag="500" ind1=" " ind2=" ">
   <subfield code="a">Includes index.</subfield>
  </datafield>
  <datafield tag="610" ind1="1" ind2="0">
   <subfield code="a">United States.</subfield>
   <subfield code="t">Sarbanes-Oxley Act of 2002.</subfield>
  </datafield>
  <datafield tag="650" ind1=" " ind2="4">
   <subfield code="a">Auditing, Internal</subfield>
   <subfield code="x">Data processing.</subfield>
  </datafield>
  <datafield tag="650" ind1=" " ind2="4">
   <subfield code="a">Information technology</subfield>
   <subfield code="x">Management.</subfield>
  </datafield>
  <datafield tag="650" ind1=" " ind2="4">
   <subfield code="a">Open source software.</subfield>
  </datafield>
  <datafield tag="630" ind1="0" ind2="4">
   <subfield code="a">Sarbanes-Oxley Act of 2002 (United States)</subfield>
  </datafield>
  <datafield tag="655" ind1=" " ind2="4">
   <subfield code="a">Electronic books.</subfield>
  </datafield>
  <datafield tag="700" ind1="1" ind2=" ">
   <subfield code="a">Peterson, Roderick.</subfield>
  </datafield>
  <datafield tag="852" ind1=" " ind2=" ">
   <subfield code="a">INST</subfield>
   <subfield code="b">UNIPILB</subfield>
   <subfield code="c">EBOOKS</subfield>
   <subfield code="e">20100705</subfield>
   <subfield code="p">00b40792</subfield>
   <subfield code="q">00b40792</subfield>
   <subfield code="t">ONLINE</subfield>
   <subfield code="y">0</subfield>
  </datafield>
  <datafield tag="856" ind1="4" ind2="0">
   <subfield code="3">ScienceDirect</subfield>
   <subfield code="u">http://www.sciencedirect.com/science/book/9781597492164</subfield>
  </datafield>
  <datafield tag="856" ind1="4" ind2=" ">
   <subfield code="d">/webopac/covers/02/40792_9781597492164.jpg</subfield>
  </datafield>
  <datafield tag="856" ind1="4" ind2=" ">
   <subfield code="d">/webopac/covers/02/40792_1597492167.jpg</subfield>
  </datafield>
 </record>
</collection>
